Pulse & digital circuits / (Record no. 190617)
[ view plain ]
| 000 -LEADER | |
|---|---|
| fixed length control field | 00800 a2200181 4500 |
| 003 - CONTROL NUMBER IDENTIFIER | |
| control field | Nust |
| 005 - DATE AND TIME OF LATEST TRANSACTION | |
| control field | 20221202120940.0 |
| 020 ## - INTERNATIONAL STANDARD BOOK NUMBER | |
| International Standard Book Number | 8120325966 |
| 040 ## - CATALOGING SOURCE | |
| Transcribing agency | Nust |
| 082 ## - DEWEY DECIMAL CLASSIFICATION NUMBER | |
| Classification number | 621.38153,KUM |
| 100 ## - MAIN ENTRY--PERSONAL NAME | |
| Personal name | A.Anand Kumar |
| 9 (RLIN) | 103785 |
| 245 ## - TITLE STATEMENT | |
| Title | Pulse & digital circuits / |
| Statement of responsibility, etc. | A.Anand Kumar |
| 260 ## - PUBLICATION, DISTRIBUTION, ETC. | |
| Place of publication, distribution, etc. | New Delhi |
| Name of publisher, distributor, etc. | Prentice-hall |
| Date of publication, distribution, etc. | 2004 |
| 300 ## - PHYSICAL DESCRIPTION | |
| Extent | xii , 467p |
| 505 ## - FORMATTED CONTENTS NOTE | |
| Formatted contents note | Linear Wave Shaping (Page-1), Clipping Circuits (Page-81), Clamping Circuits (Page-118), Switching Characteristics of Devices (Page-151), Multivibrators (Page-176), Negative-Resistance Devices And Circuits (Page-274), Time base Generators (Page-309), Blocking Oscillators (Page-363), Sampling Gates (Page-385), Synchronization and Frequency Division (Page-408). |
| 650 ## - SUBJECT ADDED ENTRY--TOPICAL TERM | |
| Topical term or geographic name entry element | Telecommunication Engineering |
| 942 ## - ADDED ENTRY ELEMENTS (KOHA) | |
| Source of classification or shelving scheme | |
| Koha item type | Book |
| Withdrawn status | Lost status | Source of classification or shelving scheme | Damaged status | Not for loan | Permanent Location | Current Location | Shelving location | Date acquired | Full call number | Barcode | Date last seen | Price effective from | Koha item type | Public note |
|---|---|---|---|---|---|---|---|---|---|---|---|---|---|---|
| Military College of Signals (MCS) | Military College of Signals (MCS) | General Stacks | 12/12/2016 | 621.38153,KUM | MCS32633 | 12/08/2016 | 12/12/2016 | Book | Almirah No.34, Shelf No.2 |
